000 02514cam a2200361 a 4500
001 16590923
003 OSt
005 20210303112511.0
008 101111s2010 sp a 000 0 spa
010 _a 2011376216
020 _a9788497856973
035 _a(SP-BaPL)pu100009667
040 _aDLC
_cCO-JMCR
_dDLC
041 _aspa
050 0 0 _aHD6250.L29
_bH67 2010
082 _223
_a779
_bA859h
100 1 _aAstrada, Walter.
_eautor
_914283
245 1 3 _aLa hora del recreo :
_berradicar el trabajo infantil en Latinoamérica /
_ctextos, Héctor Abad, Lola Beccaria, Ángeles Canso ; fotografías, Walter Astrada, Lurdes R. Basolí ; edición de Carlos Spottorno y Fernando Marías.
260 _aBarcelona :
_bLunwerg Editores,
_c2010.
300 _a207 páginas :
_bilustraciones, fotografías a color y en blanco y negro ;
_c25 x 31 cm.
505 _tUna rosa de palabras /
_rWalter Astrada ,
_rGustavo Martín Garzo --
_tPlástico y papel /
_rCarlos Spottorno ,
_rEspido Freire --
_tVivir para conocer /
_rLurdes R. Basolí ,
_rRosa Regás --
_tEl chancho y el colibrí /
_rRenzo Giraldo ,
_rLuisgé Martín --
_tLos zapatos del niño esmeraldero /
_rÁlvaro Ybarra Zavala ,
_rHéctor Abad --
_tLo malo que es soñar /
_rCarlos Spottorno ,
_rLola Becaria --
_tLos árboles /
_rLurdes R. Basolí ,
_rSantiago Roncagliolo --
_tNiños listos, adultos necios /
_rRenzo Giraldo ,
_rJavier Reverte --
_tPiedras /
_rWalter Astrada ,
_rCare Santos --
_tMar de mares infinitos /
_rCarlos Spottorno ,
_rMarta Rivera de la Cruz --
_tPapel contra tijera /
_rÁlvaro Ybarra Zavala ,
_rFernando Iwasaki --
_tEl lugar de Noemí /
_rRenzo Giraldo ,
_rAlonso Cueto --
_tUn montón de dignidad /
_rLurdes R. Basolí ,
_rÁngeles Caso --
_tCarta a Henrry Javier /
_rWalter Astrada ,
_rSoledad Puértolas --
_tLa voz de Kevin /
_rCarlos Spottorno ,
_rVicente Molina Foix --
_tpalabras para William /
_rÁlvaro Ybarra Zavala ,
_rRicardo Menéndez Salomón
650 1 4 _aAmérica Latina
_914284
650 1 4 _aTrabajo infantil
_914285
700 1 _aBeccaria, Lola,
_eautora
_914286
700 1 _aCanso, Ángeles,
_eautora
_914287
700 1 _aAstrada, Walter,
_efotógrafo
_914283
700 1 _aSpottorno, Carlos,
_efotógrafo
_914288
700 1 _aR. Basolí, Lurdes,
_efotógrafa
_914289
700 1 _aSpottorno, Carlos,
_eeditor
_914288
700 1 _aMarías, Fernando,
_eeditor
_914290
856 4 2 _3Publisher description
_uhttp://www.loc.gov/catdir/enhancements/fy1111/2011376216-d.html
942 _2ddc
_cBK
999 _c7421
_d7421